<?xml version="1.0" encoding="UTF-8"?>
<record
    xmlns:xsi="http://www.w3.org/2001/XMLSchema-instance"
    xsi:schemaLocation="http://www.loc.gov/MARC21/slim http://www.loc.gov/standards/marcxml/schema/MARC21slim.xsd"
    xmlns="http://www.loc.gov/MARC21/slim">

  <leader>03057njm a2200529Ia 4500</leader>
  <controlfield tag="001">20673</controlfield>
  <controlfield tag="003">IT-RoPAU</controlfield>
  <controlfield tag="005">20220918181120.0</controlfield>
  <controlfield tag="008">131025s9999    xx            000 0 und d</controlfield>
  <datafield tag="040" ind1=" " ind2=" ">
    <subfield code="a">IT-RoPAU</subfield>
  </datafield>
  <datafield tag="040" ind1=" " ind2=" ">
    <subfield code="c">IT-RoPAU</subfield>
  </datafield>
  <datafield tag="041" ind1=" " ind2=" ">
    <subfield code="a">ITALIANO</subfield>
  </datafield>
  <datafield tag="999" ind1=" " ind2=" ">
    <subfield code="c">99694</subfield>
    <subfield code="d">99694</subfield>
  </datafield>
  <datafield tag="999" ind1=" " ind2=" ">
    <subfield code="b">n.d.</subfield>
  </datafield>
  <datafield tag="100" ind1=" " ind2=" ">
    <subfield code="a">AA.VV.</subfield>
    <subfield code="9">794</subfield>
  </datafield>
  <datafield tag="100" ind1=" " ind2=" ">
    <subfield code="e">Autore musica</subfield>
    <subfield code="9">2520</subfield>
  </datafield>
  <datafield tag="100" ind1=" " ind2=" ">
    <subfield code="g">Codice autore musica SPICS: 12000</subfield>
    <subfield code="9">796</subfield>
  </datafield>
  <datafield tag="245" ind1=" " ind2=" ">
    <subfield code="a">Cantiamo Maria (Lp Sm 30.18)</subfield>
  </datafield>
  <datafield tag="250" ind1=" " ind2=" ">
    <subfield code="a">1a ed.</subfield>
  </datafield>
  <datafield tag="260" ind1=" " ind2=" ">
    <subfield code="a">ALBANO</subfield>
  </datafield>
  <datafield tag="260" ind1=" " ind2=" ">
    <subfield code="b">EP - MUSICALI E DISCOGRAFICHE</subfield>
  </datafield>
  <datafield tag="300" ind1=" " ind2=" ">
    <subfield code="a">DISCO</subfield>
  </datafield>
  <datafield tag="500" ind1=" " ind2=" ">
    <subfield code="a">Canti dei Festival de "La Rosa d'oro". Omaggio a Maria SS e al suo rosario. Musica religiosa</subfield>
  </datafield>
  <datafield tag="505" ind1=" " ind2=" ">
    <subfield code="a">E le bastavo io - Preghiera a Maria - Ave Maria - Camminare affiancati - Tanto amore - Passio Christi - Sia fatta la tua volont&#xE0; - Maria speranza del mondo - Vergin Maria - Madre della semplicit&#xE0; - Solitudine (Primo mistero doloroso) - Salve Maria - Alleluia</subfield>
  </datafield>
  <datafield tag="511" ind1=" " ind2=" ">
    <subfield code="a">Lotito Patrizia e Coro</subfield>
  </datafield>
  <datafield tag="511" ind1=" " ind2=" ">
    <subfield code="a">Tiego Athos - Gallian Carlo e Coro</subfield>
  </datafield>
  <datafield tag="511" ind1=" " ind2=" ">
    <subfield code="a">Tiego Athos - Gallian Carlo</subfield>
  </datafield>
  <datafield tag="511" ind1=" " ind2=" ">
    <subfield code="a">Monica Silvano e Coro</subfield>
  </datafield>
  <datafield tag="511" ind1=" " ind2=" ">
    <subfield code="a">Tiego Athos e Coro</subfield>
  </datafield>
  <datafield tag="511" ind1=" " ind2=" ">
    <subfield code="a">Lotito Patrizia - Guandalini Bruno e Coro</subfield>
  </datafield>
  <datafield tag="511" ind1=" " ind2=" ">
    <subfield code="a">Gallian Carlo e Coro</subfield>
  </datafield>
  <datafield tag="650" ind1=" " ind2=" ">
    <subfield code="a">RELIGIOSO [DISCHI]</subfield>
    <subfield code="e">Codice MATERIA SPICS: 9950</subfield>
    <subfield code="9">791</subfield>
  </datafield>
  <datafield tag="700" ind1=" " ind2=" ">
    <subfield code="a">Giovani Amici del Rosario (G.A.R.) </subfield>
    <subfield code="g">Codice Autore SPICS: 10924</subfield>
    <subfield code="e">Autore</subfield>
    <subfield code="9">2522</subfield>
  </datafield>
  <datafield tag="700" ind1=" " ind2=" ">
    <subfield code="a">Gallian Carlo</subfield>
    <subfield code="g">Codice autore testo/musica SPICS: 22969</subfield>
    <subfield code="e">Autore testo/musica</subfield>
    <subfield code="p">E le bastavo io - Sia fatta la tua volont&#xE0; - Vergin Maria - Madre della semplicit&#xE0;</subfield>
    <subfield code="9">2523</subfield>
  </datafield>
  <datafield tag="700" ind1=" " ind2=" ">
    <subfield code="a">Felisatti M.</subfield>
    <subfield code="g">Codice autore musica SPICS: 22970</subfield>
    <subfield code="e">Autore musica</subfield>
    <subfield code="p">Preghiera a Maria</subfield>
    <subfield code="9">2524</subfield>
  </datafield>
  <datafield tag="700" ind1=" " ind2=" ">
    <subfield code="a">Guidorzi S.</subfield>
    <subfield code="g">Codice autore SPICS: 22971</subfield>
    <subfield code="e">Autore</subfield>
    <subfield code="p">Preghiera a Maria</subfield>
    <subfield code="9">2525</subfield>
  </datafield>
  <datafield tag="700" ind1=" " ind2=" ">
    <subfield code="a">Caselli G.</subfield>
    <subfield code="g">Codice autore testo/musica SPICS: 22972</subfield>
    <subfield code="e">Autore testo/musica</subfield>
    <subfield code="p">Preghiera a Maria</subfield>
    <subfield code="9">2526</subfield>
  </datafield>
  <datafield tag="700" ind1=" " ind2=" ">
    <subfield code="a">Sammaritani M.</subfield>
    <subfield code="g">Codice autore testo/musica SPICS: 22973</subfield>
    <subfield code="e">Autore testo/musica</subfield>
    <subfield code="p">Ave Maria</subfield>
    <subfield code="9">2527</subfield>
  </datafield>
  <datafield tag="700" ind1=" " ind2=" ">
    <subfield code="a">Lodi Delia</subfield>
    <subfield code="g">Codice autore musica SPICS: 13507</subfield>
    <subfield code="e">Autore musica</subfield>
    <subfield code="p">Camminare affiancati - Tanto amore</subfield>
    <subfield code="9">2528</subfield>
  </datafield>
  <datafield tag="700" ind1=" " ind2=" ">
    <subfield code="a">Barigozzi M.</subfield>
    <subfield code="g">Codice autore testo/musica SPICS: 22974</subfield>
    <subfield code="e">Autore testo/musica</subfield>
    <subfield code="p">Camminare affiancati - Tanto amore</subfield>
    <subfield code="9">2529</subfield>
  </datafield>
  <datafield tag="700" ind1=" " ind2=" ">
    <subfield code="a">Monica Silvano</subfield>
    <subfield code="g">Codice autore testo/musica SPICS: 22975</subfield>
    <subfield code="e">Autore testo/musica</subfield>
    <subfield code="p">Passio Christi</subfield>
    <subfield code="9">2530</subfield>
  </datafield>
  <datafield tag="700" ind1=" " ind2=" ">
    <subfield code="a">Staid E.</subfield>
    <subfield code="g">Codice autore musica SPICS: 22976</subfield>
    <subfield code="e">Autore musica</subfield>
    <subfield code="p">Sia fatta la tua volont&#xE0; - Maria speranza del mondo - Solitudine (Primo mistero doloroso) - Salve Maria - Alleluia</subfield>
    <subfield code="9">2531</subfield>
  </datafield>
  <datafield tag="700" ind1=" " ind2=" ">
    <subfield code="a">Zanichelli S.</subfield>
    <subfield code="g">Codice autore testo/musica SPICS: 22977</subfield>
    <subfield code="e">Autore testo/musica</subfield>
    <subfield code="p">Maria speranza del mondo</subfield>
    <subfield code="9">2532</subfield>
  </datafield>
  <datafield tag="700" ind1=" " ind2=" ">
    <subfield code="a">Suffritti Giovanni</subfield>
    <subfield code="g">Codice autore testo/musica SPICS: 22978</subfield>
    <subfield code="e">Autore testo/musica</subfield>
    <subfield code="p">Solitudine (Primo mistero doloroso) - Salve Maria</subfield>
    <subfield code="9">2533</subfield>
  </datafield>
  <datafield tag="700" ind1=" " ind2=" ">
    <subfield code="a">Bopp Franz</subfield>
    <subfield code="g">Codice autore testo/musica SPICS: 20969</subfield>
    <subfield code="e">Autore testo/musica</subfield>
    <subfield code="p">Alleluia</subfield>
    <subfield code="9">2534</subfield>
  </datafield>
  <datafield tag="700" ind1=" " ind2=" ">
    <subfield code="a">De Simoni M.</subfield>
    <subfield code="g">Codice autore SPICS: 22979</subfield>
    <subfield code="e">Autore</subfield>
    <subfield code="p">Salve Maria</subfield>
    <subfield code="9">2535</subfield>
  </datafield>
  <datafield tag="942" ind1=" " ind2=" ">
    <subfield code="c">MD</subfield>
    <subfield code="2">ddc</subfield>
  </datafield>
  <datafield tag="952" ind1=" " ind2=" ">
    <subfield code="0">0</subfield>
    <subfield code="1">0</subfield>
    <subfield code="4">0</subfield>
    <subfield code="6">20673_000000000000000</subfield>
    <subfield code="7">1</subfield>
    <subfield code="a">SPICS</subfield>
    <subfield code="b">SPICS</subfield>
    <subfield code="d">2013-10-25</subfield>
    <subfield code="l">0</subfield>
    <subfield code="o">20673</subfield>
    <subfield code="r">2013-10-25 00:00:00</subfield>
    <subfield code="w">2013-10-25</subfield>
    <subfield code="y">MD</subfield>
    <subfield code="z">Progr. Ins.: 3979 / N.Vol.: 1 / Copie: 1 - Copia rara: n.d. / date import: 01.01.2014 - By Epidotti, Trombetti, Vaglietti</subfield>
  </datafield>
</record>
